000 00851nas a2200289 4500
001 BR9206810
003 BR-BrBNA
005 20231205092955.0
007 ta
008 230509b bl.|||p| |||| 00| 00por d
040 _aBR-BrBNA
_bpor
_cBiblioteca Nacional de Agricultura
041 _a(Pt)
072 _aL70
100 1 _aLaus, J.L.
100 1 _aVicente, W.R.R.
100 1 _aToniollo, G.H.
100 1 _aSobreira, L.F.R.
100 1 _aFerreira, A.L.
245 1 _aA cicatrizacao renal em nefrorrafias com diferentes fios de sutura. Avaliacao aos 45 dias de pos-operatorio
650 _aCAO
650 _aCIRURGIA
650 _aSUTURA
650 _aVETERINARIA
773 0 _tArs Veterinaria (Brazil)
_xISSN 0102-6380
_g(Dec 1987), v. 3(2) p. 179-185
_wBR9206810
909 _a202311
_bLúcia
_c55
_dLúcia Elande
942 _2AGRIS
_n0
_cANA
999 _c135492
_d135492